History of the world 2.0
Saved in:
| Format: | Book |
|---|---|
| Language: | Undetermined |
| Published: |
[U.S.A.]
Dorling Kindersley
1998
|
| Subjects: | |
| Tags: |
Add Tag
No Tags, Be the first to tag this record!
|
| Institutions: | Trung tâm Học liệu Trường Đại học Cần Thơ |
|---|
| LEADER | 00400nam a2200157Ia 4500 | ||
|---|---|---|---|
| 001 | CTU_129685 | ||
| 008 | 210402s9999 xx 000 0 und d | ||
| 082 | |a 909 | ||
| 082 | |b H673 | ||
| 245 | 0 | |a History of the world 2.0 | |
| 260 | |a [U.S.A.] | ||
| 260 | |b Dorling Kindersley | ||
| 260 | |c 1998 | ||
| 650 | |a World history | ||
| 904 | |i Giang | ||
| 980 | |a Trung tâm Học liệu Trường Đại học Cần Thơ | ||